| 000 | 00545nam a22001937a 4500 | ||
|---|---|---|---|
| 003 | OSt | ||
| 005 | 20151106094903.0 | ||
| 008 | 130307t xxu||||| |||| 00| 0 eng d | ||
| 020 | _a9781876543150 | ||
| 050 |
_aQA 273 _b.C652 2004 |
||
| 082 |
_aIB 510 _bM42 2004 |
||
| 100 |
_aCoad, Mal _913943 |
||
| 245 |
_aMathematics for the international student : _cCoad, Mal...[et.al.] _bmathematical studies SL / |
||
| 260 |
_aAutralia : _bHaese and Harris, _c2004. |
||
| 300 |
_a701 p. _c24 cm |
||
| 942 |
_2lcc _cBK |
||
| 999 |
_c2158 _d2158 |
||